U.S. Cities With GUS Inside the Name - Statistics

General Stats
  • This quiz has been taken 394 times
  • The average score is 13 of 38
Answer Stats
State Pop. Answer % Correct
California 8,628 August
99%
Georgia 202,081 Augusta
95%
Maine 18,899 Augusta
95%
Kansas 9,249 Augusta
95%
Arkansas 2,004 Augusta
95%
Wisconsin 1,570 Augusta
95%
Kentucky 1,099 Augusta
95%
Michigan 816 Augusta
95%
Illinois 558 Augusta
95%
Montana 316 Augusta
95%
Missouri 269 Augusta
95%
Iowa 51 Augusta
95%
Florida 14,319 St. Augustine
42%
Illinois 118 St. Augustine
42%
Texas 440 Angus
20%
Missouri 18,524 Ferguson
14%
Kentucky 858 Ferguson
14%
Iowa 98 Ferguson
14%
Massachusetts 28,619 Saugus
12%
Alaska 656 Gustavus
6%
California 6,150 Gustine
5%
Texas 396 Gustine
5%
South Carolina 24,427 North Augusta
5%
Minnesota 14,120 Fergus Falls
4%
Texas 221 Mingus
4%
Minnesota 3,492 St. Augusta
3%
Florida 6,801 St. Augustine Beach
3%
New Mexico 1,407 Angustura
1%
North Dakota 482 Argusville
1%
Georgia 455 Attapulgus
1%
Virginia 236 Augusta Springs
1%
New York 991 Cattaraugus
1%
Mississippi 556 New Augusta
1%
Texas 1,921 San Augustine
1%
Florida 8,706 St. Augustine Shores
1%
Florida 5,066 St. Augustine South
1%
Connecticut 100 Bogus Hill
0%
Connecticut 990 Terramuggus
0%
No matching quizzes found
Score Distribution
Percent of People with Each Score
Percentile by Number Answered
Your Score History
You have not taken this quiz